00492 2200193 4500001002100000005001500021008004100036020002200077035001900099041000700118082001000125090001600135100002000151245006300171260001600234300002900250500000600279650001300285INLIS00000000000287420241224112622241224||||||||| | ||| |||| || |  a978-979-433-537-6 0010-1224002874 aen0 a920.5 a920.5 KUN f0 aCM Rien Kuntari00aTimor Timur Satu Menit Terakhir : Catatan Seorang Wartawan bMizanc2008 a484 hlm.; ilus.: 23,5 cm a1 0aBiografi